[Examination books and marks registers] (Record no. 85457)

MARC details
000 -LEADER
fixed length control field 00707cmc a22001815a 4500
001 - CONTROL NUMBER
control field L142187
008 - FIXED-LENGTH DATA ELEMENTS--GENERAL INFORMATION
fixed length control field 080128i19341995xxk f 000 0 eng d
035 ## - SYSTEM CONTROL NUMBER
System control number (Sirsi) u142187
041 0# - LANGUAGE CODE
Language code of text/sound track or separate title eng
110 2# - MAIN ENTRY--CORPORATE NAME
Corporate name or jurisdiction name as entry element Royal Institution of Chartered Surveyors
Subordinate unit Education and Training
9 (RLIN) 4397
245 01 - TITLE STATEMENT
Title [Examination books and marks registers]
Medium [electronic resource]
260 ## - PUBLICATION, DISTRIBUTION, ETC.
Date of publication, distribution, etc. 1934-1995
300 ## - PHYSICAL DESCRIPTION
Extent 8 CD-ROMs
520 ## - SUMMARY, ETC.
Summary, etc. Item contains scanned images of RICS examination books and marks registers from 1934 to 1995. The Education Department in Coventry hold another copy, and the Library also holds the hard-copy documents.
651 #4 - SUBJECT ADDED ENTRY--GEOGRAPHIC NAME
Geographic name United Kingdom
Chronological subdivision
690 ## - LOCAL SUBJECT ADDED ENTRY--TOPICAL TERM (OCLC, RLIN)
Topical term or geographic name as entry element ABOUT RICS-RICS MEMBERS
942 ## - ADDED ENTRY ELEMENTS (KOHA)
Suppress in OPAC 0
Holdings
Withdrawn status Lost status Source of classification or shelving scheme Damaged status Not for loan Home library Current library Shelving location Date acquired Total Checkouts Full call number Barcode Date last seen Copy number Price effective from Koha item type
    Dewey Decimal Classification     London London RICS Boxes 28/01/2008   RICS 2009/11 30076208 06/08/2019 1 06/08/2019 Archive
    Dewey Decimal Classification     London London RICS Boxes 28/01/2008   RICS 2009/11 30076204 06/08/2019 2 06/08/2019 Archive
    Dewey Decimal Classification     London London RICS Boxes 28/01/2008   RICS 2009/11 30076198 06/08/2019 3 06/08/2019 Archive
    Dewey Decimal Classification     London London RICS Boxes 28/01/2008   RICS 2009/11 30076189 06/08/2019 4 06/08/2019 Archive
    Dewey Decimal Classification     London London RICS Boxes 28/01/2008   RICS 2009/11 30076193 06/08/2019 5 06/08/2019 Archive
    Dewey Decimal Classification     London London RICS Boxes 28/01/2008   RICS 2009/11 30076202 06/08/2019 6 06/08/2019 Archive
    Dewey Decimal Classification     London London RICS Boxes 28/01/2008   RICS 2009/11 30076205 06/08/2019 7 06/08/2019 Archive
    Dewey Decimal Classification     London London RICS Boxes 28/01/2008   RICS 2009/11 30076206 06/08/2019 8 06/08/2019 Archive